Дейтерий и кислород-18 в подземных водах (масс-спектрометрические исследования)

Chi tiết về thư mục
Tác giả của công ty: Всесоюзный научно-исследовательский институт гидрогеологии и инженерной геологии (570)
Tác giả khác: Ю. Б. Юрий Борисович, В. А. Владимир Андреевич, А. В. Александр Владимирович, Н. В. Николай Васильевич
Tóm tắt:В книге приводятся результаты региональных исследовании концентраций дейтерия и кислорода-18 в подземных водах различных типов, проведенных Всесоюзным научно-исследовательским институтом гидрогеологии и инженерной геологии (ВСЕГИНГЕО) при помощи масс-спектрометрического метода. По полученным данным рассмотрены условия формирования сверхкрепких хлоридно-кальциевых рассолов Ангаро-Ленского артезианского бассейна, гидротерм Курило-Камчатской вулканической зоны и других вод. Рассматриваются также общие предпосылки использования данных по концентрациям дейтерия и кислорода-18 в гидрогеологических целях, результаты экспериментальных исследований, а также мето-дика масс-спектрометрических измерений. Книга рассчитана на круг специалистов, интересующихся проблемой использования природных изотопов в гидрогеологии и геохимии.
Ngôn ngữ:Tiếng Nga
Được phát hành: Москва, Недра, 1973
Những chủ đề:
Định dạng: MixedMaterials Sách
KOHA link:https://koha.lib.tpu.ru/cgi-bin/koha/opac-detail.pl?biblionumber=361148

MARC

LEADER 00000nam0a2200000 4500
001 361148
005 20250218155517.0
035 |a (RuTPU)RU\TPU\retro\18474 
090 |a 361148 
100 |a 20210527d1973 k||y0rusy50 ca 
101 0 |a rus 
102 |a RU 
105 |a a z 001yy 
181 0 |a i   |b  e  
182 0 |a n 
183 0 |a nc  |2 RDAcarrier 
200 1 |a Дейтерий и кислород-18 в подземных водах (масс-спектрометрические исследования)  |f Ю. Б. Селецкий, В. А. Поляков, А. В. Якубовский, Н. В. Исаев  |g Всесоюзный научно-исследовательский институт гидрогеологии и инженерной геологии  
203 |a Текст  |b визуальный  |c непосредственный 
210 |a Москва  |c Недра  |d 1973 
215 |a 144 с.  |c ил. 
283 |a volume  |2 RDAcarrier 
316 |5 63413507: КР-8034  |a На титульном листе дарственная надпись: "Александру Дмитриевичу Назарову с искренним уважением Ю. Селецкий" 
317 |5 63413507: КР-8034  |a Поступил в НТБ в 2024 г. в дар от дочери ученого О. А. Назаровой  
320 |a Библиография: с. 137-142 
330 |a В книге приводятся результаты региональных исследовании концентраций дейтерия и кислорода-18 в подземных водах различных типов, проведенных Всесоюзным научно-исследовательским институтом гидрогеологии и инженерной геологии (ВСЕГИНГЕО) при помощи масс-спектрометрического метода. По полученным данным рассмотрены условия формирования сверхкрепких хлоридно-кальциевых рассолов Ангаро-Ленского артезианского бассейна, гидротерм Курило-Камчатской вулканической зоны и других вод. Рассматриваются также общие предпосылки использования данных по концентрациям дейтерия и кислорода-18 в гидрогеологических целях, результаты экспериментальных исследований, а также мето-дика масс-спектрометрических измерений. Книга рассчитана на круг специалистов, интересующихся проблемой использования природных изотопов в гидрогеологии и геохимии. 
606 1 |a Воды подземные  |x Химический анализ  |2 stltpush  |3 (RuTPU)RU\TPU\subj\3196  |9 31650 
610 1 |a масс-спектрометрический метод 
610 1 |a масс-спектральные анализаторы 
610 1 |a дейтерий 
610 1 |a кислород 
610 1 |a изотопы 
610 1 |a распределение 
610 1 |a Коллекция А. Д. Назарова 
610 1 |a дары библиотеке 
610 1 |a дарственная надпись 
675 |a 556.314.6  |v 4 
701 1 |3 Селецкий  |b Ю. Б.  |g Юрий Борисович 
701 1 |3 Поляков  |b В. А.  |g Владимир Андреевич 
701 1 |3 Якубовский  |b А. В.  |g Александр Владимирович 
701 1 |3 Исаев  |b Н. В.  |g Николай Васильевич 
712 0 2 |a Всесоюзный научно-исследовательский институт гидрогеологии и инженерной геологии  |c (пос. Зеленый, Московская область)  |3 (RuTPU)RU\TPU\col\2061  |9 23644  |4 570 
801 1 |a RU  |b 63413507  |c 20210527 
801 2 |a RU  |b 63413507  |c 20210914  |g RCR 
942 |c BK